| 000 | 01069cam a2200289 a 4500 | ||
|---|---|---|---|
| 003 | CHAP | ||
| 005 | 20220329142404.0 | ||
| 008 | 001110d1991 us r 00010 eng d | ||
| 010 | _a82774 | ||
| 011 | _a83746 | ||
| 035 | _a94262 | ||
| 040 | _cCHAP | ||
| 090 | _aR-3671 | ||
| 100 | 0 | 0 |
_aIslam, Nurul. _960579 |
| 245 | 1 | 0 |
_aEconomic policy reforms and the IMF: _bBangladesh experience in the early 1970s _c/by Nurul Islam |
| 500 | _aSobretiro de: Structural Adjustment Policies in the Third World: Design and Experience, edited by Rehman Sobhan, University Press Limited, Dhaka, Bangladesh, 1991 | ||
| 590 |
_aBATCH-UPD _b10 _c20130110 _lUCH01 _h0751 |
||
| 590 |
_aBATCH-UPD _b10 _c20130410 _lUCH01 _h0431 |
||
| 590 |
_aBATCH-UPD _b10 _c20130913 _lUCH01 _h2002 |
||
| 590 |
_aCONVERSION _b10 _c20130109 _lUCH01 _h1346 |
||
| 650 | 1 | 4 |
_aAgricultura _xAspectos económicos _xBangladesh. _91213 |
| 650 | 1 | 4 |
_aPolítica económica _xBangladesh. _990493 |
| 901 | _aBK | ||
| 905 | _aMarco A. Mendoza T. | ||
| 942 | _cREIMP | ||
| 949 |
_aR-3671 _bBC _cR _d33724002016561 _eTS1 _i94262 _sb |
||
| 999 |
_c82774 _d82774 |
||